000 00265nam a2200133Ia 4500
100 _aHearn/ Baker
942 _cBK
654 _aComputer
245 _aComputer Graphics
260 _bP.H.I
_aNew Delhi
_c1995
300 _a652
546 _aENGLISH
999 _c34108
_d34108